00666nam a2200229 a 4500001001300000003000900013005001700022008004100039020001000080082001600090100002200106245002300128260005000151300000900201500003500210650002200245700002200267902000800289942000700297952011700304999001500421nice12345678IN_TiNIC20260116012751.0080523s1959 lina grp 000 0 eng  ac20000a220.13bMAX aMaxwell, Arthur S aYour Bible and You aLincolnshirebStanborough Press Limitedc1959 a352p aincludes index and biblioraphy aBible-Inspiration1 aMaxwell, Arthur S bSRS cBK 001040708StackRoom-aHMIbHMId2008-05-23g200.00l0o220.13 MAXp010487r2008-05-23v200.00w2008-05-23yBK c8294d8294